[Event "AI Cup Play-In 2023"]
[Site "chess.com INT"]
[Date "2023.09.18"]
[Round "9"]
[White "Esipenko, Andrey"]
[Black "Meier, Geo"]
[Result "1-0"]
[WhiteElo "2683"]
[BlackElo "2628"]
[PlyCount "81"]
[EventDate "2023.09.18"]

1. Nf3 d5 2. g3 Bg4 3. Bg2 e6 4. O-O Nf6 5. d3 Be7 6. Nbd2 O-O 7. h3 Bh5 8. g4 ({RR} 8. e4 c5 9. exd5 Nxd5 10. Nc4 Nc6 11. g4 Bg6 12. Nfe5 Nxe5 13. Nxe5 Bf6 14. Nxg6 hxg6 15. c3 Qd7 16. f4 Rfd8 17. Qe2 Rac8 18. Bd2 b5 19. a3 b4 20. axb4 cxb4 21. c4 Ne7 22. Bxb4 Nc6 {Ehlvest,J (2524)-Meier,G (2657) Chess.com INT 2016 1-0 (62)}) 8... Bg6 9. Ne5 c5 ({RR} 9... c6 10. c3 Nbd7 11. Nxg6 hxg6 12. e4 dxe4 13. Nxe4 Nxe4 14. Bxe4 Nc5 15. Be3 Nxe4 16. dxe4 Qc7 17. Qb3 Qe5 18. Rae1 b6 19. Qc2 Rfd8 20. f4 Qb5 21. c4 Qa5 22. f5 gxf5 23. exf5 exf5 24. Qxf5 {Deak-Sala,E (1968)-Faybish,D (1582) Florianopolis BRA 2024 1-0 (48)}) 10. e3 $146 ({RR} 10. Nxg6 fxg6 11. e4 Qc7 12. Qe2 Nbd7 13. exd5 exd5 14. g5 Nh5 15. Bxd5+ Kh8 16. Nc4 Nf4 17. Bxf4 Qxf4 18. Qxe7 Rae8 19. Qxd7 Re2 20. Qg4 {1-0 (20) Hanson,D-Lambert,T Iowa 1994}) 10... Nc6 11. Nxg6 hxg6 12. g5 Ne8 13. h4 Nd6 14. e4 Rc8 15. c3 b5 16. Qg4 dxe4 17. dxe4 c4 18. Nf3 b4 19. h5 gxh5 20. Qxh5 Qa5 21. Qh3 g6 22. Re1 bxc3 23. bxc3 Rfd8 24. Bf4 Nb5 25. Ne5 Qxc3 26. Qh2 Bd6 27. Ng4 Bxf4 28. Qxf4 Kf8 29. Rac1 Qd2 30. Qf6 c3 31. Nh6 Rc7 32. e5 Nbd4 33. Rcd1 Qxe1+ 34. Rxe1 c2 35. Kh2 Rb8 36. Rc1 Rb2 37. Bxc6 Nxc6 38. Qh8+ Ke7 39. Ng8+ Kd7 40. Nf6+ Ke7 41. Qe8# 1-0

[Event "AI Cup Play-In Match 2023"]
[Site "chess.com INT"]
[Date "2023.09.18"]
[Round "1.1"]
[White "Radjabov, T."]
[Black "Kuzubov, Y."]
[Result "1-0"]
[WhiteElo "2745"]
[BlackElo "2625"]
[PlyCount "61"]
[EventDate "2023.09.18"]

1. Nf3 d5 2. e3 c5 3. d4 cxd4 4. exd4 Nc6 5. c3 Nf6 6. Bf4 Bg4 7. Nbd2 e6 8. Bd3 Bd6 9. Bxd6 Qxd6 10. O-O O-O 11. Re1 Rfe8 12. Qb3 Qc7 ({RR} 12... Rab8 13. h3 Bf5 14. Ne5 Qc7 15. Bxf5 exf5 16. Ndf3 Rbd8 17. Nd3 Ne4 18. Nfe5 a6 19. f3 Nf6 20. Nxc6 bxc6 21. Rxe8+ Rxe8 22. Re1 Rxe1+ 23. Nxe1 g5 24. Nd3 Qg3 25. Qb7 f4 26. Qxc6 Kg7 27. Qxa6 {Namitbir,S (2347)-Dragnev,V (2550) chess.com INT 2025 0-1}) 13. a4 $146 ({RR} 13. Ne5 Nxe5 14. Rxe5 Bh5 15. Rae1 Bg6 16. Bxg6 hxg6 17. h3 Nd7 18. R5e3 Qb6 19. Qc2 Rac8 20. Qb1 Qd6 21. Nf3 Qf4 22. Ne5 Nxe5 23. Rxe5 a6 24. R1e3 b5 25. Qe1 Rcd8 26. Rf3 Qh4 27. Qe3 Qe7 {La Fleur,Z (1457)-Bowles,A (1705) Port of Spain 2021 ½-½ (37)}) 13... Bh5 14. Bb5 Nd7 15. Qa3 f6 16. Rac1 a6 17. Bxc6 bxc6 18. c4 Nb6 19. b3 a5 20. h3 Rab8 21. Rc3 dxc4 22. bxc4 c5 23. dxc5 Nd7 24. Ne4 Red8 25. Nd4 Bf7 26. Rg3 Rb4 27. c6 Nb6 28. Nxf6+ Kh8 29. Qe3 gxf6 30. Qh6 Bg6 31. Nxe6 1-0

[Event "AI Cup Play-In Match 2023"]
[Site "chess.com INT"]
[Date "2023.09.18"]
[Round "1.1"]
[White "Keymer, Vincent"]
[Black "Durarbayli, Vasif"]
[Result "1-0"]
[WhiteElo "2717"]
[BlackElo "2625"]
[PlyCount "101"]
[EventDate "2023.09.18"]

1. Nf3 c5 2. c4 Nf6 3. b3 b6 4. g3 Bb7 5. Bg2 e6 6. O-O Be7 7. Bb2 O-O 8. d4 cxd4 9. Qxd4 d6 10. Nc3 a6 11. Rfd1 Nbd7 12. Qf4 ({RR} 12. g4 e5 13. Qd2 Nxg4 14. Nxe5 dxe5 15. Qxd7 Qxd7 16. Rxd7 Bxg2 17. Kxg2 Bc5 18. Ne4 a5 19. a4 Rfe8 20. h3 Nf6 21. Nxf6+ gxf6 22. Rad1 f5 23. Kf3 Kg7 24. R1d5 Kf6 25. Rc7 Re6 26. Rxe5 Rxe5 {Keymer,V (2654)-Dubov,D (2711) Chess.com INT 2022 1-0 (41)}) 12... Qc7 13. h4 $146 ({RR} 13. Rac1 Rac8 14. g4 Nc5 15. g5 Nfe4 16. Nxe4 Nxe4 17. Qg4 f5 18. gxf6 Bxf6 19. Qxe6+ Kh8 20. Ba3 Rce8 21. Bxd6 Qc6 22. Qd5 Qc8 23. Qh5 g6 24. Qh6 Bg7 25. Qh4 Nxd6 26. Rxd6 Re4 27. Qg5 Rxe2 {Hausrath,D (2491)-Giri,A (2430) Netherlands 2009 1-0 (42)}) ({RR} 13. Ba3 Nc5 14. h3 Rac8 15. Rac1 Qb8 16. Ne1 Rfd8 17. Bxb7 Qxb7 18. Qf3 Qb8 19. Nd3 d5 20. Nxc5 Bxc5 21. Bxc5 Rxc5 22. cxd5 Nxd5 23. Na4 Rxc1 24. Rxc1 h6 25. h4 Qd6 26. Rd1 Qc7 27. Nb2 Rc8 {Meshkovs,N (2531)-Villa Tornero,A (2248) chess.com INT 2025 1-0 (36)}) ({RR} 13. Rac1 Rac8 14. h4 Rfe8 15. g4 Qb8 16. g5 Nh5 17. Qg4 g6 18. Ne4 d5 19. Nc3 Nf4 20. cxd5 f5 21. gxf6 Nxf6 22. Qg5 N6xd5 23. Qh6 Nxc3 24. Rd7 Ncxe2+ 25. Kf1 Rxc1+ 26. Bxc1 Nxc1 27. Ng5 Bxg2+ {Keymer,V (2701)-Gumularz,S (2588) Dusseldorf GER 2023 0-1}) 13... Rac8 14. g4 Rfe8 15. g5 Nh5 16. Qg4 g6 17. e3 Bf8 18. Ne4 Nc5 19. Nxd6 Bxf3 20. Bxf3 Bxd6 21. Qd4 Bh2+ 22. Kg2 f6 23. gxf6 Kf7 24. Bxh5 gxh5 25. f4 Rg8+ 26. Kxh2 Qc6 27. e4 Rg4 28. Qe5 Qxe4 29. Rd7+ Ke8 30. Qxe4 Nxe4 31. Rxh7 Rxh4+ 32. Kg2 Rxf4 33. Rh8+ Kf7 34. Rxc8 Rf2+ 35. Kg1 Rxb2 36. Rf1 Nxf6 37. Rc6 Rxa2 38. Rxb6 h4 39. c5 a5 40. Rb7+ Kg6 41. Re7 Re2 42. c6 Nd5 43. Re8 h3 44. Rf2 Re3 45. Rc2 Nc7 46. Re7 Nd5 47. Rb7 Re1+ 48. Kh2 Ne3 49. c7 Ng4+ 50. Kxh3 Kg5 51. c8=Q 1-0

[Event "AI Cup Play-In Match 2023"]
[Site "chess.com INT"]
[Date "2023.09.18"]
[Round "1.1"]
[White "Sevian, Samuel"]
[Black "Quintiliano Pinto, R."]
[Result "1-0"]
[WhiteElo "2698"]
[BlackElo "2500"]
[PlyCount "135"]
[EventDate "2023.09.18"]

1. g3 d5 2. Nf3 Nf6 3. Bg2 e6 4. O-O Be7 5. d3 O-O 6. Nbd2 c5 7. e4 Nc6 8. e5 Nd7 9. Re1 b5 10. Nf1 a5 11. h4 b4 12. Bf4 Re8 ({RR} 12... Nd4 13. Nxd4 cxd4 14. Nh2 Bb7 15. Qg4 Kh8 16. Nf3 h6 17. Nxd4 Rc8 18. Qh5 Kh7 19. Rac1 Ba6 20. Bh3 Nc5 21. Nf3 Qe8 22. Be3 f5 23. Qxe8 Rfxe8 24. Nd4 h5 25. Bg5 Bxg5 26. hxg5 g6 27. Bf1 {Annaberdiev,M (2467)-Pinero,C (2242) chess.com INT 2024 1-0 (54)}) 13. N1h2 ({RR} 13. h5 h6 14. Qd2 Bf8 15. g4 f6 16. Ng3 fxe5 17. Nxe5 Ndxe5 18. Bxe5 Nxe5 19. Rxe5 Bd6 20. Rxd5 exd5 21. Bxd5+ Be6 22. Bxa8 Qxa8 23. Ne4 Be5 24. g5 Bf5 25. Re1 Bxb2 26. g6 Bxe4 27. Rxe4 Rxe4 {Kleiman,J (2399)-Gorodetzky,D (2495) chess.com INT 2022 0-1 (37)}) 13... a4 $146 ({RR} 13... Nd4 14. Nxd4 cxd4 15. Qg4 Kh8 16. Nf3 Qb6 17. Bd2 f5 18. exf6 Nxf6 19. Qf4 Bd6 20. Ne5 Kg8 21. Qg5 Be7 22. Rad1 Ne4 23. Qg4 Nf6 24. Qh3 Bd6 25. h5 Qc7 26. Ng4 Nxg4 27. Qxg4 Kh8 28. h6 {Seeman,T (2386)-Laine,P (2207) Puhajarve 2012 ½-½ (56)}) 14. a3 bxa3 15. bxa3 Ba6 16. c3 Bf8 17. d4 cxd4 18. cxd4 Nb6 19. h5 h6 20. g4 Be7 21. g5 hxg5 22. Bc1 Na5 23. h6 gxh6 24. Ng4 Kg7 25. Ra2 Nb3 26. Be3 Rc8 27. Bf1 Bxf1 28. Rxf1 Nc4 29. Kg2 f5 30. exf6+ Bxf6 31. Rh1 Nxe3+ 32. fxe3 Rc1 33. Qe2 Rxh1 34. Kxh1 Nc1 35. Qh2 h5 36. Nxf6 Qxf6 37. Rf2 Nd3 38. Rf1 Rf8 39. Kg1 Ne1 40. Rxe1 Qxf3 41. Qe5+ Qf6 42. Qg3 g4 43. Rb1 Rf7 44. Rb2 Qf5 45. Kh2 Qg5 46. Rg2 Kg6 47. Qb8 Qh4+ 48. Kg1 Qe1+ 49. Kh2 Qxe3 50. Qg8+ Kf6 51. Rc2 Qf4+ 52. Kg1 Qxd4+ 53. Rf2+ Qxf2+ 54. Kxf2 Ke7+ 55. Kg2 Rf5 56. Qa8 Kf6 57. Qxa4 Kg5 58. Qd7 Re5 59. Qg7+ Kf5 60. a4 Re2+ 61. Kf1 Ra2 62. Qf7+ Ke5 63. Qxh5+ Kf4 64. Qh6+ Kf3 65. Qf6+ Kg3 66. Qc3+ Kh4 67. Qb3 Ra1+ 68. Kg2 1-0

[Event "AI Cup Play-In Match 2023"]
[Site "chess.com INT"]
[Date "2023.09.18"]
[Round "1.1"]
[White "Malakhov, V."]
[Black "Yakubboev, Nodirbek"]
[Result "1-0"]
[WhiteElo "2646"]
[BlackElo "2617"]
[PlyCount "93"]
[EventDate "2023.09.18"]

1. Nf3 Nf6 2. g3 d5 3. Bg2 e6 4. O-O Be7 5. b3 O-O 6. Bb2 b6 7. c4 Bb7 8. e3 c5 9. Nc3 dxc4 10. bxc4 Nc6 11. Qe2 Qc7 12. Rad1 Rad8 13. Ne1 a6 14. f4 Na7 15. a4 Bxg2 16. Nxg2 Qc6 $146 ({RR} 16... Qd7 17. g4 Qd3 18. Qxd3 Rxd3 19. g5 Ne8 20. Kf2 Rd7 21. Ke2 Nd6 22. d3 Rb8 23. Rb1 b5 24. axb5 axb5 25. cxb5 c4 26. Rfd1 cxd3+ 27. Rxd3 Naxb5 28. Rbd1 Nxc3+ 29. Bxc3 Ne4 30. Rxd7 Nxc3+ 31. Kf3 {Baumegger,S (2440)-Haba,P (2451) Austria AUT 2022 ½-½ (32)}) 17. f5 Qd7 18. fxe6 fxe6 19. d4 cxd4 20. exd4 Nc6 21. d5 Bc5+ 22. Kh1 exd5 23. Nxd5 Nxd5 24. cxd5 Rxf1+ 25. Qxf1 Nb4 26. Nf4 Qf5 27. Qc4 Qc2 28. Qxc2 Nxc2 29. Ne6 Rd7 30. Nxc5 bxc5 31. Rc1 Ne3 32. Rxc5 Rxd5 33. Rxd5 Nxd5 34. Kg2 Kf7 35. Kf3 g6 36. Ke4 Ke6 37. Kd4 Nb6 38. a5 Nd7 39. Ba3 h5 40. h4 Nf6 41. Kc5 Ne4+ 42. Kb6 Kd7 43. Kxa6 Kc6 44. Ka7 Nxg3 45. a6 Kc7 46. Bd6+ Kxd6 47. Kb8 1-0

[Event "AI Cup Play-In Match 2023"]
[Site "chess.com INT"]
[Date "2023.09.18"]
[Round "1.2"]
[White "Nakamura, Hi"]
[Black "Andreikin, D."]
[Result "1-0"]
[WhiteElo "2780"]
[BlackElo "2729"]
[PlyCount "99"]
[EventDate "2023.09.18"]

1. Nf3 Nf6 2. b3 d5 3. c4 d4 4. e3 Nc6 5. d3 e5 6. e4 $146 ({RR} 6. a3 a5 7. exd4 Nxd4 8. Nxd4 Qxd4 9. Ra2 Bc5 10. Be3 Qd6 11. Nc3 O-O 12. Nb5 Qb6 13. Bxc5 Qxc5 14. d4 exd4 15. Qxd4 Qg5 16. f4 Qg6 17. Bd3 Bf5 18. Bxf5 Rfe8+ 19. Kf2 Qxf5 20. Rd1 Ne4+ {Nakamura,H (2789)-Bellahcene,B (2522) chess.com INT 2024 1-0}) 6... Bb4+ 7. Bd2 Bg4 8. Be2 Bxf3 9. Bxf3 Bxd2+ 10. Nxd2 Qe7 11. a3 a5 12. O-O O-O 13. g3 Nd7 14. Qc2 Nc5 15. Bg2 Ra6 16. f4 Rb6 17. Kh1 Rd8 18. Rf3 Rd6 19. Raf1 Rf6 20. Qd1 Nd7 21. Bh3 Nf8 22. Qc1 Rh6 23. Bc8 Na7 24. Bf5 Nc6 25. R3f2 Rf6 26. Bc8 Ng6 27. Bf5 exf4 28. gxf4 Nh4 29. Bh3 Rh6 30. Rg1 Ng6 31. Rg3 Qh4 32. Qf1 Nce7 33. Nf3 Qf6 34. Ne5 Rxb3 35. Ng4 Qh4 36. Nxh6+ Qxh6 37. a4 Ra3 38. Bd7 Rc3 39. Rg1 Qh4 40. Qg2 Qh6 41. Qg3 Nf8 42. Be8 g6 43. f5 Qe3 44. Rf3 Qe2 45. fxg6 Nfxg6 46. Bxf7+ Kh8 47. Bxg6 Nxg6 48. Qe5+ Kg8 49. Qe8+ Kg7 50. Qf8# 1-0

[Event "AI Cup Div 2 W"]
[Site "chess.com INT"]
[Date "2023.09.25"]
[Round "1.3"]
[White "Eljanov, P."]
[Black "Sarana, A."]
[Result "1-0"]
[WhiteElo "2695"]
[BlackElo "2693"]
[PlyCount "79"]
[EventDate "2023.09.25"]
[EventType "k.o."]

1. Nf3 d5 2. g3 Nf6 3. Bg2 e6 4. O-O Be7 5. d3 c5 6. Bf4 Nc6 7. a4 Bd6 8. Bxd6 Qxd6 9. Na3 O-O 10. e4 dxe4 11. dxe4 Nxe4 12. Re1 Rd8 13. Qxd6 Nxd6 14. Rad1 f6 15. Nd2 $146 ({RR} 15. Nb5 Nf7 16. Rxd8+ Ncxd8 17. Nd2 a6 18. Na3 Rb8 19. a5 Kf8 20. Ne4 e5 21. Nxc5 Ne6 22. Na4 Bd7 23. Nb6 Ke7 24. f4 Bc6 25. Bxc6 bxc6 26. Nac4 Rd8 27. fxe5 fxe5 28. c3 Kf6 29. Rf1+ Ke7 {Eljanov,P (2695)-Sarana,A (2693) chess.com INT 2023 0-1 (56)}) 15... e5 16. Bxc6 bxc6 17. Ne4 Nf7 18. Rxd8+ Nxd8 19. Nxc5 Ne6 20. Nxe6 Bxe6 21. f4 Rd8 22. fxe5 Rd2 23. exf6 Bd5 24. Re7 gxf6 25. Rxa7 Rg2+ 26. Kf1 Rxh2 27. a5 Rh1+ 28. Kf2 Rh2+ 29. Ke1 Rh1+ 30. Kd2 Rh2+ 31. Kc3 Rg2 32. a6 Rxg3+ 33. Kd4 h5 34. Kc5 Rg5 35. Rb7 Bg2+ 36. Kb6 c5 37. Nc4 Rg7 38. Ne3 Be4 39. c4 Rg1 40. Nd5 1-0

[Event "AI Cup Div 3 W"]
[Site "chess.com INT"]
[Date "2023.09.25"]
[Round "1.1"]
[White "Sevian, Samuel"]
[Black "Yilmaz, M."]
[Result "1-0"]
[WhiteElo "2698"]
[BlackElo "2640"]
[PlyCount "83"]
[EventDate "2023.09.25"]
[EventType "k.o."]

1. Nf3 d5 2. e3 Nf6 3. c4 e6 4. b3 Bd6 5. Bb2 c5 6. cxd5 exd5 7. d4 ({RR} 7. Be2 O-O 8. O-O b6 9. d4 Bb7 10. Nbd2 Re8 11. Ne5 cxd4 12. exd4 Nbd7 13. Ndf3 Rc8 14. Rc1 Rxc1 15. Qxc1 a6 16. Qg5 Nf8 17. Rc1 Ne6 18. Qh4 Qe7 19. Rc2 Ba3 20. Bxa3 Qxa3 21. Ng4 Ne4 {Giri,A (2745)-Aronian,L (2729) Zagreb CRO 2024 0-1 (46)}) 7... Nc6 $146 ({RR} 7... cxd4 8. Nxd4 Nc6 9. Nc3 O-O 10. Be2 Re8 11. Nf3 Bc7 12. O-O Bg4 13. Nb5 Bb8 14. Bxf6 Qxf6 15. Qxd5 Qh6 16. h3 Bxh3 17. gxh3 Re6 18. Ng5 Re7 19. Rad1 Be5 20. Qg2 a6 21. Na3 Rae8 22. Bf3 {Zwardon,V (2442)-Bluebaum,J (1992) Marburg GER 2024 1-0}) 8. dxc5 Bxc5 9. Bb5 O-O 10. O-O Bg4 11. h3 Bh5 12. Qc2 Bd6 13. Bxc6 bxc6 14. Nbd2 Rc8 15. Be5 Re8 16. Bxd6 Qxd6 17. Rac1 c5 18. Qb2 a5 19. Rc3 Ne4 20. Nxe4 dxe4 21. Nd2 Rcd8 22. Rc2 a4 23. Rfc1 axb3 24. axb3 Bg6 25. Nf1 Re5 26. Qa3 h5 27. Rd2 Rd5 28. Rxd5 Qxd5 29. Rxc5 Qb7 30. Rc1 Rd3 31. Rb1 h4 32. Qa4 Bh5 33. b4 Rd6 34. Qc2 Rg6 35. Kh1 Qd5 36. Nh2 Qd3 37. Qb2 Rg5 38. b5 Rc5 39. b6 Rc2 40. Qe5 Rxf2 41. Rg1 Qxe3 42. b7 1-0

[Event "AI Cup Div 3 W"]
[Site "chess.com INT"]
[Date "2023.09.25"]
[Round "1.3"]
[White "Malakhov, V."]
[Black "Kovalev, Vl"]
[Result "1-0"]
[WhiteElo "2646"]
[BlackElo "2582"]
[PlyCount "125"]
[EventDate "2023.09.25"]
[EventType "k.o."]

1. Nf3 Nf6 2. g3 d5 3. Bg2 b6 4. c4 e6 5. O-O Bb7 6. b3 dxc4 7. bxc4 c5 8. Bb2 Be7 9. Nc3 O-O 10. e3 Nc6 11. Qe2 a6 12. Ne1 ({RR} 12. a3 Qc7 13. Rab1 Rfd8 14. Ba1 Rab8 15. d3 Ba8 16. Rfd1 Na7 17. Ng5 Bxg2 18. Kxg2 h6 19. Nge4 b5 20. cxb5 axb5 21. Rbc1 Qb7 22. Qf3 b4 23. Nxf6+ Bxf6 24. Qxb7 Rxb7 25. Ne4 Bxa1 26. Rxa1 Rd5 {Keymer,V (2696)-Caruana,F (2766) Almaty KAZ 2022 ½-½ (34)}) ({RR} 12. Rac1 Qc7 13. Rfd1 Rfd8 14. d4 cxd4 15. exd4 Na5 16. Nb1 Rac8 17. Nbd2 Bxf3 18. Bxf3 Bb4 19. Ne4 Nxe4 20. Bxe4 Nxc4 21. d5 exd5 22. Rxd5 Rxd5 23. Bxd5 b5 24. Bxc4 bxc4 25. Bxg7 Kxg7 26. Qb2+ c3 {Carlsen,M (2830)-Kovalev,V (2559) chess.com INT 2024 1-0 (40)}) 12... Qc7 ({RR} 12... Qd7 13. f4 Rab8 14. g4 Rfd8 15. Rd1 b5 16. g5 Ne8 17. Rf3 bxc4 18. Rh3 g6 19. Ba1 Nd6 20. d3 cxd3 21. Nxd3 Nb5 22. Nxb5 axb5 23. Nf2 Qc7 24. Rf1 Qd7 25. Ne4 Qd3 26. Qf2 h5 27. gxh6 {Lagarde,M (2608)-Bulmaga,I (2398) Aix-en-Provence FRA 2024 1-0 (32)}) 13. f4 Rfd8 14. Rd1 Rab8 $146 ({RR} 14... Nb4 15. g4 Bxg2 16. Qxg2 Ne8 17. f5 Qc6 18. Qe2 Qd7 19. Ne4 Nd6 20. Ng3 Ne8 21. Nh5 exf5 22. gxf5 Bf6 23. d4 b5 24. Qg2 bxc4 25. Nxf6+ Nxf6 26. e4 cxd4 27. Bxd4 Qc6 28. Nf3 Nd3 29. Kh1 {Sielecki,C (2391)-Brandenburg,D (2522) Netherlands 2012 0-1 (39)}) 15. g4 Na7 16. g5 Ne8 17. Ne4 Bxe4 18. Bxe4 b5 19. Rf3 g6 20. Rh3 bxc4 21. Ba1 f5 22. Qxc4 Ng7 23. Bg2 Qb6 24. Nd3 Bf8 25. Ne5 Rd6 26. Qc2 Rdd8 27. Rf3 Nc6 28. Rff1 Nxe5 29. Bxe5 Bd6 30. Ba1 Bf8 31. Rb1 Qc7 32. Rxb8 Rxb8 33. Rb1 Ne8 34. Bf1 Rxb1 35. Qxb1 c4 36. Qc2 Nd6 37. Be5 Kf7 38. Qc3 Be7 39. d4 Qb6 40. Bxd6 Bxd6 41. Bxc4 Qb1+ 42. Kg2 Bb4 43. Qd3 Qxd3 44. Bxd3 a5 45. Bc2 Bd2 46. Kf2 Bc1 47. Bb3 Ke7 48. h4 Kd6 49. Bd1 Ke7 50. h5 gxh5 51. Bxh5 Bd2 52. Bd1 Bc1 53. Bb3 Kf7 54. Ke2 Ke7 55. d5 exd5 56. Bxd5 Ba3 57. Bg8 h6 58. gxh6 Kf6 59. h7 Kg7 60. Be6 Kxh7 61. Bxf5+ Kg7 62. e4 Kf6 63. Kf3 1-0

[Event "Titled Tue 19th Sep Early"]
[Site "chess.com INT"]
[Date "2023.09.19"]
[Round "6"]
[White "Lenderman, A."]
[Black "Shuvalova, Polina"]
[Result "1-0"]
[WhiteElo "2533"]
[BlackElo "2506"]
[PlyCount "73"]
[EventDate "2023.09.19"]

1. Nf3 d5 2. e3 c5 3. b3 Nc6 4. Bb2 f6 5. d4 Bg4 6. Be2 e6 7. O-O Bd6 8. c4 Nge7 9. cxd5 exd5 10. dxc5 Bxc5 11. Nc3 O-O 12. Rc1 Bb6 13. Na4 $146 ({RR} 13. Nb5 Be6 14. Nbd4 Bf7 15. Qd2 Re8 16. Rfd1 Rc8 17. Nb5 a6 18. Nc3 Rc7 19. Na4 Rd7 20. Nxb6 Qxb6 21. Nd4 Nxd4 22. Bxd4 Qd8 23. Bg4 Rd6 24. Bc5 Rc6 25. Bf3 h6 26. Rc3 Qc8 27. Bb4 Rxc3 {Tudor,H (2403)-Safranek,W (2119) chess.com INT 2024 1-0 (40)}) 13... Rc8 14. Nxb6 Qxb6 15. Nd4 Bxe2 16. Qxe2 Nxd4 17. Bxd4 Qd6 18. Bxa7 b6 19. Qa6 Ra8 20. Qxb6 Qa3 21. Rc7 Kh8 22. Qc5 Qxc5 23. Bxc5 Rfc8 24. Rxc8+ Nxc8 25. a4 Kg8 26. Rd1 Kf7 27. Rxd5 Ke6 28. e4 Rb8 29. b4 Ne7 30. Bxe7 Kxe7 31. Rb5 Rc8 32. g3 Rc4 33. Rb7+ Ke6 34. a5 Rxe4 35. a6 Re1+ 36. Kg2 Ra1 37. a7 1-0

[Event "Titled Tue 19th Sep Early"]
[Site "chess.com INT"]
[Date "2023.09.19"]
[Round "10"]
[White "Mekhitarian, K."]
[Black "Ovetchkin, R."]
[Result "1-0"]
[WhiteElo "2543"]
[BlackElo "2518"]
[PlyCount "85"]
[EventDate "2023.09.19"]

1. Nf3 d5 2. c4 d4 3. b4 g6 4. g3 Bg7 5. d3 e5 6. Bg2 ({RR} 6. Nbd2 Bf5 7. Bg2 c6 8. Bb2 f6 9. c5 Be6 10. Ne4 Bf8 11. e3 dxe3 12. fxe3 Bd5 13. Ned2 Nd7 14. e4 Be6 15. d4 Bg7 16. Qc2 Nh6 17. O-O O-O 18. Nc4 Bxc4 19. Qxc4+ Kh8 20. d5 cxd5 {Gilbert,A (1797)-Skou,N Reykjavik ISL 2025 1-0 (40)}) 6... a5 7. b5 c5 8. bxc6 Nxc6 $146 ({RR} 8... bxc6 9. O-O Ne7 10. Nbd2 O-O 11. Ba3 Na6 12. Qa4 Bd7 13. Bd6 c5 14. Qa3 Bg4 15. Bxc5 Nxc5 16. Qxc5 Rc8 17. Qa3 h5 18. Rab1 Nc6 19. Rb5 Re8 20. Rfb1 Bf8 21. Qa4 Bb4 22. Ne4 f5 23. Rd5 {Baerwinkel,T (2360)-Weimann,M (2232) Germany 2017 1-0 (38)}) 9. O-O Nf6 10. Ba3 Nd7 11. Nbd2 Nb4 12. Qb1 O-O 13. Bxb4 axb4 14. Qxb4 Re8 15. a4 Bf8 16. Qb1 Re6 17. Bh3 Rb6 18. Qc2 f6 19. Rfb1 Rba6 20. Rb5 Nc5 21. Bxc8 Qxc8 22. a5 Qc7 23. Nb3 b6 24. Nxc5 Bxc5 25. Nd2 Rxa5 26. Raxa5 Rxa5 27. Rxa5 bxa5 28. Qa4 Kf7 29. Ne4 Be7 30. Qb5 Qa7 31. c5 a4 32. Qc4+ Kg7 33. c6 Bd8 34. Nc5 a3 35. Ne6+ Kh6 36. Nxd8 a2 37. Qc1+ g5 38. c7 a1=Q 39. c8=Q Qxc1+ 40. Qxc1 Qd7 41. Nc6 Qc7 42. Qc4 Qb7 43. Nb4 1-0

[Event "Titled Tue 19th Sep Late"]
[Site "chess.com INT"]
[Date "2023.09.19"]
[Round "10"]
[White "Nakamura, Hi"]
[Black "Bluebaum, M."]
[Result "1-0"]
[WhiteElo "2780"]
[BlackElo "2670"]
[PlyCount "121"]
[EventDate "2023.09.19"]

1. Nf3 d5 2. e3 Nf6 3. b3 e6 4. c4 Bd6 5. Bb2 O-O 6. Nc3 c5 7. cxd5 exd5 8. d4 Nc6 9. Be2 cxd4 10. Nxd4 Nxd4 11. Qxd4 Re8 12. O-O ({RR} 12. Rd1 Be5 13. Qd2 Bf5 14. O-O Rc8 15. Bf3 Ne4 16. Nxe4 dxe4 17. Qxd8 Rcxd8 18. Rxd8 Rxd8 19. Bxe5 exf3 20. gxf3 Rd2 21. Kg2 Rxa2 22. Rc1 Rc2 23. Rxc2 Bxc2 24. b4 b6 {½-½ (24) Aronian,L (2764)-So,W (2778) Paris 2018}) ({RR} 12. Rd1 Be5 13. Qd2 Bg4 14. h3 Bxe2 15. Nxe2 Ne4 16. Qc1 Rc8 17. Qa1 Qa5+ 18. Kf1 Bxb2 19. Qxb2 Re6 20. Nd4 Rf6 21. Nf3 Rfc6 22. Nd4 Rf6 23. Nf3 h6 24. Kg1 Qc7 25. Rxd5 Qc2 26. Qxc2 Rxc2 {Rostomyan,M (2277)-Bluebaum,M (2643) chess.com INT 2025 ½-½ (106)}) 12... Be5 13. Qd1 ({RR} 13. Qd2 d4 14. exd4 Qxd4 15. Qxd4 Bxd4 16. Bf3 Rb8 17. Rad1 Be5 18. Rfe1 Bg4 19. Bxg4 Nxg4 20. h3 Nf6 21. Na4 Bxb2 22. Nxb2 Rxe1+ 23. Rxe1 Kf8 24. Nc4 Rd8 25. Rc1 Nd5 26. g3 f6 27. h4 b6 {Narayanan,S (2622)-Deac,B (2692) chess.com INT 2025 1-0 (70)}) 13... d4 $146 ({RR} 13... Bf5 14. Na4 Bxb2 15. Nxb2 Rc8 16. Nd3 Ne4 17. Rc1 Nc3 18. Qd2 d4 19. Nf4 g5 20. Nh5 dxe3 21. Qb2 Qd2 22. Qxd2 exd2 23. Rxc3 Rxc3 24. Nf6+ Kf8 25. Nxe8 Kxe8 26. f3 Rc1 27. Bd1 Bd3 {0-1 (27) Ventura Bolet,M (2233)-Urazayev,A (2478) chess.com INT 2023}) 14. Na4 Bf5 15. exd4 Bd6 16. Bf3 Ne4 17. Nc5 Bxc5 18. dxc5 Nd2 19. Bxb7 Rb8 20. c6 Nxf1 21. Qxf1 Bc8 22. Rc1 Qc7 23. Bxc8 Rbxc8 24. b4 a6 25. h3 Re6 26. Qxa6 Rxc6 27. Rxc6 Qxc6 28. Qd3 f6 29. a3 Qc4 30. Qg3 Qe6 31. Bd4 Rc1+ 32. Kh2 Qe1 33. Qf3 Qe6 34. Qg3 Qe1 35. Qg4 Qh1+ 36. Kg3 Qe1 37. Bxf6 Rc7 38. Bd4 h6 39. Qf3 Qe6 40. Qg4 Qd5 41. Bc5 Rf7 42. Qd4 Qf5 43. Kh2 Qc2 44. Qe3 Rf6 45. b5 Qb2 46. Bd4 Qxb5 47. Bxf6 gxf6 48. Qxh6 Qe5+ 49. g3 Qd6 50. Qe3 Qd5 51. a4 Kf7 52. Qc3 Qd2 53. Qxd2 f5 54. Qf4 Kg6 55. a5 Kh5 56. a6 Kg6 57. a7 Kh5 58. a8=Q Kg6 59. Qg8+ Kh5 60. Qxf5+ Kh6 61. Qgh7# 1-0

[Event "Titled Tue 19th Sep Late"]
[Site "chess.com INT"]
[Date "2023.09.19"]
[Round "11"]
[White "Matlakov, M."]
[Black "Ghasi, A."]
[Result "1-0"]
[WhiteElo "2674"]
[BlackElo "2508"]
[PlyCount "89"]
[EventDate "2023.09.19"]

1. Nf3 Nf6 2. g3 g6 3. Bg2 Bg7 4. O-O O-O 5. d4 d6 6. Re1 Nc6 7. d5 Nb4 8. e4 Bg4 ({RR} 8... c6 9. Nc3 Bg4 10. a3 Na6 11. Be3 Nc5 12. h3 Bxf3 13. Bxf3 Nfd7 14. Bg2 Rc8 15. Bd4 Bxd4 16. Qxd4 Qb6 17. b4 Na4 18. Qxb6 Naxb6 19. dxc6 Rxc6 20. Nd5 Re8 21. Ne3 Rc3 22. Re2 Ne5 23. Nd1 {Svane,R (2637)-Firouzja,A (2759) chess.com INT 2024 0-1 (78)}) ({RR} 8... c6 9. a3 Na6 10. dxc6 bxc6 11. e5 Nd5 12. Nbd2 Nc5 13. Nc4 Ba6 14. Ne3 Nxe3 15. Bxe3 Na4 16. b3 Nc3 17. Qd2 Ne4 18. Qb4 d5 19. Rad1 Qc7 20. Bc5 Rab8 21. Qd4 Rb5 22. b4 Nxc5 23. bxc5 {Svane,R (2637)-Mikaelyan,A (2519) chess.com INT 2024 0-1 (39)}) 9. h3 Bxf3 10. Bxf3 Nd7 11. Bg2 $146 ({RR} 11. c3 Na6 12. Be3 c6 13. Bg2 Nc7 14. Qd2 Ne5 15. Na3 Nb5 16. Nxb5 Nc4 17. Qe2 cxb5 18. Bd4 Bxd4 19. cxd4 Qb6 20. Red1 Rac8 21. h4 b4 22. Bh3 Rc7 23. Rac1 Na5 24. Rxc7 Qxc7 25. Qd2 b3 {Pezerovic,E (2426)-Mortensen,E (2438) Germany 2000 1-0 (41)}) 11... c6 12. c3 Na6 13. Nd2 Nac5 14. Nb3 a5 15. Be3 Na4 16. Qc2 Nab6 17. Rad1 Qc7 18. Nd4 a4 19. a3 Nc4 20. Bg5 Nc5 21. Qe2 Na5 22. h4 Nab3 23. Nc2 e6 24. dxe6 Nxe6 25. Be3 Rfe8 26. h5 Ra5 27. h6 Bf8 28. Nd4 Nexd4 29. cxd4 Rh5 30. Bf3 Rxh6 31. Kg2 Qa5 32. Bxh6 Bxh6 33. e5 Bd2 34. Rh1 dxe5 35. dxe5 Rxe5 36. Qc4 Re7 37. Qh4 f6 38. Qxf6 Rf7 39. Qe6 Kg7 40. Rxh7+ Kxh7 41. Qxf7+ Kh6 42. Rh1+ Kg5 43. Rh4 Nd4 44. Rg4+ Kh6 45. Qxg6# 1-0

[Event "chess.com SpeedChess 2023"]
[Site "chess.com INT"]
[Date "2023.09.19"]
[Round "3.25"]
[White "Carlsen, M."]
[Black "So, W."]
[Result "1-0"]
[WhiteElo "2839"]
[BlackElo "2753"]
[PlyCount "35"]
[EventDate "2023.09.04"]

1. Nf3 c5 2. g3 d5 3. Bg2 Nc6 4. d4 e6 5. O-O Nf6 6. c4 dxc4 7. Na3 cxd4 8. Nxc4 Be7 9. b3 ({RR} 9. Qc2 d3 10. exd3 O-O 11. d4 Bd7 12. Qb3 Nb4 13. Nfe5 Bc6 14. Nxc6 bxc6 15. Rd1 Rb8 16. Qa4 Nbd5 17. Ne5 Qb6 18. Nxc6 Rbc8 19. Nxe7+ Nxe7 20. Bd2 Qxb2 21. Rab1 Qc2 22. Qxc2 Rxc2 23. Rb7 Nc8 {Ponkratov,P (2630)-Yu,Y (2764) St Petersburg 2018 ½-½ (42)}) ({RR} 9. a3 O-O 10. b4 Nd5 11. Bb2 Nc3 12. Qc2 Bf6 13. Bxc3 dxc3 14. Rad1 Qc7 15. Nd6 a5 16. b5 Ne5 17. Ne4 Nxf3+ 18. exf3 Be7 19. a4 Bb4 20. f4 e5 21. fxe5 Qxe5 22. Rd5 Qe7 23. Rfd1 h6 {Moreno,D (1942)-Munoz Ramos,C (2180) Santiago CHI 2025 0-1}) 9... Nd7 $146 ({RR} 9... O-O 10. Bb2 Rb8 11. Nxd4 Nxd4 12. Bxd4 b6 13. Be5 Bb7 14. Qxd8 Rfxd8 15. Bxb8 Bxg2 16. Kxg2 Rxb8 17. Ne5 Ne4 18. Nc6 Re8 19. f3 Nc3 20. Nxe7+ Rxe7 21. Rac1 Rc7 22. Rc2 b5 23. b4 Rc4 24. Rfc1 {Yeletsky,I (2436)-Sliwicki,D (2145) Chess.com INT 2020 1-0 (46)}) 10. Nxd4 Nxd4 11. Qxd4 Bf6 12. Nd6+ Kf8 13. Qb4 a5 14. Qa3 Be7 15. Be3 Ra6 16. Rfd1 Nf6 17. Bc5 Bxd6 18. Bxd6+ 1-0